La poesía de Ernestina de Champourcin (Record no. 54062)

MARC details
000 -LEADER
campo de control de longitud fija 00819nam a2200229 i 4500
001 - NÚMERO DE CONTROL
campo de control 54062
003 - IDENTIFICADOR DE NÚMERO DE CONTROL
campo de control ES-MaACL
005 - FECHA Y HORA DE LA ÚLTIMA TRANSACCIÓN
campo de control 20250905063041.0
007 - CAMPO FIJO DE DESCRIPCIÓN FÍSICA--INFORMACIÓN GENERAL
campo de control de longitud fija t|
008 - DATOS DE LONGITUD FIJA--INFORMACIÓN GENERAL
campo de control de longitud fija 031124s2002 sp ||||1| spa d
020 ## - NÚMERO INTERNACIONAL ESTÁNDAR DEL LIBRO
Número Internacional Estándar del Libro 84-95543-37-0
080 ## - NÚMERO DE LA CLASIFICACIÓN DECIMAL UNIVERSAL
Número de la Clasificación Decimal Universal 821.134.2 Champourcin, Ernestina 1.07
100 1# - ENTRADA PRINCIPAL--NOMBRE DE PERSONA
Nombre de persona Villar, Arturo del,
Fechas asociadas al nombre 1940-
9 (RLIN) 115066
245 13 - MENCIÓN DEL TÍTULO
Título La poesía de Ernestina de Champourcin
Resto del título : éstetica, erótica y mística /
Mención de responsabilidad, etc. Arturo del Villar.
260 ## - PUBLICACIÓN, DISTRIBUCIÓN, ETC.
Lugar de publicación, distribución, etc. Cuenca :
Nombre del editor, distribuidor, etc. El Toro de Barro,
Fecha de publicación, distribución, etc. 2002.
300 ## - DESCRIPCIÓN FÍSICA
Extensión 109 p. ;
Dimensiones 20 cm.
490 1# - MENCIÓN DE SERIE
Mención de serie Crónica de El Toro de Barro ;
Designación de volumen o secuencia 193
600 14 - PUNTO DE ACCESO ADICIONAL DE MATERIA--NOMBRE DE PERSONA
Nombre de persona Champourcin, Ernestina de,
Fechas asociadas al nombre 1905-1999-
Subdivisión general Crítica e interpretación
9 (RLIN) 37934
830 0# - PUNTO DE ACCESO ADICIONAL DE SERIE-TÍTULO UNIFORME
Título uniforme Crónica de El Toro de Barro ;
Designación de volumen o secuencia 193
9 (RLIN) 230289
852 ## - LOCALIZACIÓN
Ubicación ES-MaACL
Número de control de estantería L-26677
Sublocalización o colección R.132231
Holdings
Estatus retirado Estado de pérdida Estado de daño No para préstamo Biblioteca de origen Biblioteca actual Ubicación en estantería Fecha de adquisición Fuente de adquisición Total de préstamos Signatura topográfica completa Código de barras Visto por última vez Precio de reemplazo Tipo de ítem Koha
        Biblioteca del Ateneo de Madrid Biblioteca del Ateneo de Madrid Depósito 2 17/01/2008     L-26677 1056818 23/02/2023 23/02/2023 Libro impreso